| 000 | 00864nam a2200217Ia 4500 | ||
|---|---|---|---|
| 003 | OSt | ||
| 005 | 20210922163405.0 | ||
| 008 | 210310s2006 ck ad fr 000 0 spa d | ||
| 020 | _a9583398160 | ||
| 040 |
_aCO-JMCR _cCO-JMCR |
||
| 041 | 0 | _aspa | |
| 082 | 0 | 4 |
_a339.38 / _bG574c _223 |
| 110 | 2 |
_aGobernación de Cundinamarca _940727 |
|
| 245 | 1 | 0 |
_aCuentas económicas departamentales 2005 - 2005 / _cGobernación de Cundinamarca |
| 260 |
_a[Bogotá] : _bGobernación de Cundinamarca, _c2006 |
||
| 300 |
_a73 páginas : _bilustraciones y gráficas a color ; _c28 cm. |
||
| 505 | 0 | _aJustificación y aspectos metodológicos -- Economía colombiana -- Estructura y dinámica de la economía departamental -- Comercio exterior en Cundinamarca | |
| 650 | 1 | 4 |
_aEconomía colombiana _917697 |
| 650 | 2 | 4 |
_aEconomía departamental _zCundinamarca _940728 |
| 942 |
_2ddc _cBK |
||
| 999 |
_c8583 _d8583 |
||